Historical Country Flag and Shape Dominoes - Statistics

General Stats
  • This quiz has been taken 136 times
  • The average score is 10 of 14
Answers on the Map
Answers color-coded by a green-red scale on the quiz's map according to % correct below.
 
Answer Stats
Answer % Correct
94%
88%
75%
73%
72%
70%
68%
68%
67%
66%
65%
61%
61%
57%
No matching quizzes found
Score Distribution
Percent of People with Each Score
Percentile by Number Answered
Your Score History
You have not taken this quiz